Knižničná a informačná veda XXIV zborník Filozofickej fakulty Univerzity Komenského

Uložené v:
Podrobná bibliografia
Korporativný autor: Univerzita Komenského v Bratislave. Filozofická fakulta
Ďalší autori: Lichnerová, Lucia
Médium: Kniha
Jazyk:Slovak
Czech
English
Vydavateľské údaje: Bratislava Vydavateľstvo UK 2013
Edícia:Universitas Comeniana
Predmet:
Tagy: Pridať tag
Žiadne tagy, Buďte prvý, kto otaguje tento záznam!

MARC

LEADER 00000nam$a2200000$$$4500
001 0177801
005 20240104130551.2
020 |a 978-80-223-3381-8 
041 0 |a slo 
041 0 |a cze 
041 0 |a eng 
044 |a SK 
245 1 0 |a Knižničná a informačná veda XXIV  |b zborník Filozofickej fakulty Univerzity Komenského  |c zodpovedná redaktorka: Lucia Lichnerová 
264 1 |a Bratislava  |b Vydavateľstvo UK  |c 2013 
300 |a 172 s. 
490 1 |a Universitas Comeniana 
830 0 |a Universitas Comeniana 
610 2 0 |a veda 
610 2 0 |a knihovníctvo 
610 2 0 |a knižnice 
610 2 0 |a informácie 
610 2 0 |a elektronizácia 
610 2 0 |a digitalizácia 
610 2 0 |a používatelia 
610 2 0 |a médiá 
610 2 0 |a stránky webové 
610 2 0 |a obchod elektronický 
610 2 0 |a história 
610 2 0 |a Slovensko 
700 1 |a Lichnerová, Lucia 
710 2 |a Univerzita Komenského v Bratislave. Filozofická fakulta